MARC

LEADER 00000nam0a2200000 4500
001 200354
005 20231031184651.0
010 |a 5759502859 
035 |a (RuTPU)RU\TPU\book\218422 
090 |a 200354 
100 |a 20110905d1990 m y0rusy50 ca 
101 0 |a rus 
102 |a RU 
105 |a a z 000zy 
200 1 |a Приятного аппетита ! Кухня народов Поволжья  |f сост. Н. Ф. Беляева; А. И. Полосухина 
210 |a Саранск  |c Мордовское книжное изд-во  |d 1990 
215 |a 240 с.  |c ил. 
610 1 |a кулинария 
610 1 |a кулинарные рецепты 
610 1 |a приготовление 
610 1 |a народы Поволжья 
675 |a 64  |v 3 
702 1 |a Беляева  |b Н. Ф.  |g Надежда Федоровна  |4 220 
702 1 |a Полосухина  |b А. И.  |g Анна Ивановна  |4 220 
801 1 |a RU  |b 63413507  |c 20110905 
801 2 |a RU  |b 63413507  |c 20111128  |g RCR 
942 |c BK